Famous University of Missouri Alumni Quiz Stats

 Plays Quiz not verified by Sporcle

Challenge
Share
Tweet
Embed
Score 0/16 Timer 06:00
0 Plays Today
Hint Name % Correct
Actor (Fight Club)Brad Pitt
88.9%
Singer/Songwriter Sheryl Crow
70%
A Missouri GovernorJay Nixon
55.1%
Hall of Fame Football Player (Tight End)Kellen Winslow
52.7%
2x 1st Team All-American Football Player, 1st Round Draft Pick (Wide Reciever)Jeremy Maclin
51.7%
Hall of Fame College Basketball CoachNorm Stewart
50.7%
4th Pick NFL Draft, Defensive LinemanJustin Smith
45.4%
NASCAR DriverCarl Edwards
45.4%
Hint Name % Correct
ESPN Sports AnchorJohn Anderson
43.5%
All-Star Baseball Player (2nd Baseman)Ian Kinsler
42%
Founder of World's Largest Public Corporation by RevenueSam Walton
42%
Owner of 3 Professional Sports Teams, among other thingsStan Kroenke
32.9%
A Missouri GovernorMel Carnahan
32.4%
Actor (Major League)Tom Berenger
24.2%
Actor (American Beauty)Chris Cooper
23.7%
Hall of Fame Football Player (Cornerback)Roger Wehrli
15%

You're not logged in!

Compare scores with friends on all Sporcle quizzes.
OR
Log In

You Might Also Like...

Show Comments

Extras

Top Quizzes Today


Score Distribution

Your Account Isn't Verified!

In order to create a playlist on Sporcle, you need to verify the email address you used during registration. Go to your Sporcle Settings to finish the process.

Report this User

Report this user for behavior that violates our Community Guidelines.

Details: